000 00615nam a2200229Ia 4500
003 OSt
005 20220923212008.0
006 a|||||r|||| 00| 0
007 ta
008 Pun
024 _a101,629
037 _cTextual
040 _aARTS
_cARTS
_bPun
041 _2Pun
_aPun
082 _aV236, 153B9
100 _aਲਤੀਫ, ਮੁਹੰਮਦ, ਂਚ.
245 0 _aਪੰਜਾਬ ਦਾ ਇਤਿਹਾਸ
260 _c1889
650 _aਭਾਰਤੀਯ ਇਤਿਹਾਸ
942 _hV236, 153B9
_cTEXL
_2CC
999 _c305273
_d305273